Statistics for Most Popular Roblox Games (Tuesday 6th June)

Click here to take the quiz!

General Stats

  • This quiz has been taken 8 times
  • The average score is 6 of 35

Answer Stats

Answer % Correct
Jailbreak
100%
Meepcity
88%
Adopt Me
75%
Natural Disaster Survival
63%
Murder Mystery 2
38%
Bloxburg
38%
Royale High
38%
Work at a Pizza Place
25%
Phantom Forces
25%
Bee Swarm Simulator
25%
Treasure Hunt Simulator
13%
Mega Fun Obby
13%
Lumber Tycoon 2
13%
Robloxian Highschool
13%
Booga Booga
13%
Epic Minigames
13%
Gym Island
0%
RoCitizens
0%
Zombie Attack
0%
Theme Park Tycoon
0%
Flood Escape 2
0%
Prison Life V2
0%
Clone Tycoon 2
0%
Baldi's Basics
0%
Speed Run 4
0%
Super Hero Tycoon
0%
Iron Man Battles
0%
Superhero Life II
0%
Build-A-Boat For Treasure
0%
Vehicle Simulator
0%
Ro-Ghoul
0%
Swordburst 2
0%
Counter Blox Roblox Offensive
0%
Mining Simulator
0%
Battle Royale Tycoon
0%

Score Distribution

Percentile by Number Answered

Percent of People with Each Score

Your Score History

You have not taken this quiz